Catálogo de la Biblioteca Horacio González - Universidad Nacional de General Sarmiento

Diccionario crítico de ciencias sociales : (Registro nro. 49553)

Detalles MARC
000 -CABECERA
campo de control de longitud fija 00847nac a22003010a 4500
001 - NÚMERO DE CONTROL
campo de control PT43207
003 - IDENTIFICADOR DEL NÚMERO DE CONTROL
campo de control AR-LpoUNG
005 - FECHA Y HORA DE LA ÚLTIMA TRANSACCIÓN
campo de control 20210201005434.0
008 - DATOS DE LONGITUD FIJA--INFORMACIÓN GENERAL
campo de control de longitud fija 201001s2009||||sp |||||||||||||||||spa d
020 ## - NÚMERO INTERNACIONAL ESTÁNDAR DEL LIBRO
Número Internacional Estándar del Libro 9788496780095
Condiciones de disponibilidad $78
040 ## - FUENTE DE LA CATALOGACIÓN
Centro catalogador/agencia de origen AR-LpoUNG
Lengua de catalogación spa
Normas de descripción aacr
041 ## - CÓDIGO DE LENGUA
Código de lengua del texto/banda sonora o título independiente spa
044 ## - CÓDIGO DEL PAÍS DE LA ENTIDAD EDITORA/PRODUCTORA
Código MARC del país sp
082 0# - NÚMERO DE LA CLASIFICACIÓN DECIMAL DEWEY
Número de clasificación R300 456v1
100 1# - ENTRADA PRINCIPAL--NOMBRE DE PERSONA
Nombre de persona Reyes, Román
Término indicativo de función/relación dir.
245 10 - MENCIÓN DE TÍTULO
Título Diccionario crítico de ciencias sociales :
Resto del título A-C
250 ## - MENCIÓN DE EDICIÓN
Mención de edición 1§ edición
260 ## - PUBLICACIÓN, DISTRIBUCIÓN, ETC.
Lugar de publicación, distribución, etc. Madrid :
Nombre del editor, distribuidor, etc. Plaza y Valdés,
Fecha de publicación, distribución, etc. 2009.
300 ## - DESCRIPCIÓN FÍSICA
Extensión lxii, 730 p. :
Otras características físicas il.
Extensión (4
Tipo de unidad Volúmenes)
Especificación de materiales Impreso
490 0# - MENCIÓN DE SERIE
Mención de serie Diccionario crítico de ciencias sociales
650 #4 - PUNTO DE ACCESO ADICIONAL DE MATERIA--TÉRMINO DE MATERIA
Término de materia o nombre geográfico como elemento de entrada CIENCIAS SOCIALES
650 #4 - PUNTO DE ACCESO ADICIONAL DE MATERIA--TÉRMINO DE MATERIA
Término de materia o nombre geográfico como elemento de entrada DICCIONARIOS
650 #4 - PUNTO DE ACCESO ADICIONAL DE MATERIA--TÉRMINO DE MATERIA
Término de materia o nombre geográfico como elemento de entrada MATERIAL DE REFERENCIA
650 #4 - PUNTO DE ACCESO ADICIONAL DE MATERIA--TÉRMINO DE MATERIA
Término de materia o nombre geográfico como elemento de entrada TERMINOLOGIA
651 #4 - PUNTO DE ACCESO ADICIONAL DE MATERIA--NOMBRE GEOGRÁFICO
Nombre geográfico DOCUMENTOS TEORICOS O METODOLOGICOS
905 ## - ELEMENTOS DE DATOS E LOCAL, LDE (RLIN)
a 43207
942 ## - ELEMENTOS DE PUNTO DE ACCESO ADICIONAL (KOHA)
Tipo de ítem Koha Lectura en Sala
Existencias
Estado de retiro Estado de pérdida Estado dañado No para préstamo Código de colección Localización permanente Ubicación/localización actual Fecha de adquisición Total de préstamos Signatura topográfica completa Código de barras Fecha visto por última vez Precio válido a partir de Tipo de ítem Koha
        Colección Referencia Biblioteca Universidad Nacional de General Sarmiento Biblioteca Universidad Nacional de General Sarmiento 01/02/2021   300 456v1 S00051279 01/02/2021 01/02/2021 Lectura en Sala